Kỹ thuật đầu tư trực tiếp nước ngoài tại Việt Nam

Uloženo v:
Podrobná bibliografie
Hlavní autor: Võ Thanh Thu, PGS.TS
Médium: Kniha
Vydáno: Thống kê 2000
Tagy: Přidat tag
Žádné tagy, Buďte první, kdo otaguje tento záznam!
Thư viện lưu trữ: Mạng thư viện Đại học Đà Nẵng
LEADER 00590nam a2200217 a 4500
001 000029446
003 1547
005 20171030145630.0
008 171030s2000
040 |a LTT 
082 0 |a 332.67  |b VO-T 
100 1 |a Võ Thanh Thu, PGS.TS 
245 0 0 |a Kỹ thuật đầu tư trực tiếp nước ngoài tại Việt Nam  |c Võ Thanh Thu, Ngô Thị Ngọc Huyền. 
260 |b Thống kê  |c 2000 
OWN |a LTT 
999 |a From the UDN01 
TYP |a Monograph 
TYP |a Printed language 
980 |a Mạng thư viện Đại học Đà Nẵng